| 000 | 00815 a2200229 4500 | ||
|---|---|---|---|
| 020 | _a0071490825 | ||
| 040 |
_aDLC _bDLC |
||
| 082 | _a658.3 | ||
| 100 | 1 | _aBryan, Lowell L. | |
| 245 | 1 | 0 |
_aMobilizing minds: creating wealth from talent in the 21st-century organization _bcreating wealth from talent in the 21st-century organization _cLowell L. Bryan, Claudia I. Joyce. |
| 246 | 3 | 0 | _aCreating wealth from talent in the 21st-century organization. |
| 260 |
_aNew York : _bMcGraw-Hill, _c2007. |
||
| 300 |
_a316 p. : _bill. ; _c24 cm. |
||
| 650 | 0 | _aIntellectual capital. | |
| 650 | 0 | _aHuman capital. | |
| 650 | 0 | _aCreative ability in business. | |
| 650 | 0 | _aExecutive ability. | |
| 650 | 0 | _aSuccess in business. | |
| 650 | 0 | _aOrganizational change. | |
| 700 | 1 | _aJoyce, Claudia I. | |
| 942 |
_cBK _k658.3 BRY _2ddc |
||
| 999 |
_c8529 _d8529 |
||